000 00949nam a2200169 a 4500
008 101007s2002 ||||||||||||||||| || u
050 _aGOV.ZAM(02)2002/1A
110 _aGovernment of the Republic of Zambia (GRZ)
245 1 4 _aThe national decentralisation policy: towards empowering the people
260 _aLusaka
_bZambia. Ministry of Education (MOE)
_c2002
300 _av,27p.
350 _a0.00
650 _aDECENTRALIZATION IN GOVERNMENT--ZAMBIA
995 _aSPECIAL COLLECTIONS
_D0.00
_e03008159
_FCBU-MAIN LIBRARY (Kitwe)
_H1
_I0.00
_jGOV.ZAM(02)2002/1C
_M3
_UAVAILABLE
_WAug 18, 2011
_y03008159
_ZZambiana Collection
995 _aSPECIAL COLLECTIONS
_D0.00
_e03007211
_FCBU-MAIN LIBRARY (Kitwe)
_H1
_I0.00
_jGOV.ZAM(02)2002/1A
_M1
_UAVAILABLE
_WOct 19, 2010
_y03007211
_ZZambiana Collection
995 _aSPECIAL COLLECTIONS
_D0.00
_e03008158
_FCBU-MAIN LIBRARY (Kitwe)
_H1
_I0.00
_jGOV.ZAM(02)2002/1B
_M2
_UAVAILABLE
_WAug 18, 2011
_y03008158
_ZZambiana Collection
999 _c78709
_d78709